000 00410nam a22001697a 4500
005 20160530122409.0
008 160530b xxu||||| |||| 00| 0 eng d
020 _a817-808-025-7
041 _aeng
082 _b6053
100 _aAmblear, Tim and other
_91521
245 _aThe silk road to international Marketing
260 _bPearsons
_c2000
300 _a212
650 _aManagement
_9241
942 _cBK
999 _c2148
_d2147